|
|
|
|
| LEADER |
01271njm a2200385 a 4500 |
| 001 |
000266478 |
| 003 |
CZ BrMZK |
| 005 |
19950101143423.0 |
| 008 |
950101s1993 xr f cze d |
| 028 |
0 |
3 |
|a 01 0104-1 331
|b Monitor
|
| 040 |
|
|
|a BOA001
|b cze
|
| 080 |
|
|
|a 784.4.03"199"(086.7)
|2 MRF
|
| 100 |
1 |
|
|a Koller, David,
|d 1960-
|7 xx0014755
|4 prf
|
| 245 |
1 |
0 |
|a David Koller
|h [zvukový záznam] /
|c David Koller.
|
| 246 |
3 |
3 |
|a Chci zas v tobě spát
|
| 246 |
3 |
3 |
|a Co je ti do toho - So tuke androda
|
| 246 |
3 |
3 |
|a Jsi jiná
|
| 246 |
3 |
3 |
|a Krvavý román
|
| 246 |
3 |
3 |
|a Na co při tom myslíš
|
| 246 |
3 |
3 |
|a Na mě zapomeneš
|
| 246 |
3 |
3 |
|a Omyly
|
| 246 |
3 |
3 |
|a Rána
|
| 246 |
3 |
3 |
|a V erbu krysy
|
| 246 |
3 |
3 |
|a Vzpamatuj se
|
| 260 |
|
|
|a Praha :
|b Monitor Records,
|c p1993
|
| 300 |
|
|
|a 1 LP deska :
|b 33 ot/min, stereo ;
|c 30 cm
|
| 500 |
|
|
|a Durata neuv
|
| 500 |
|
|
|a Seznam členů doprovod. skupiny na obalu
|
| 500 |
|
|
|a Nahr. 1992
|
| 505 |
2 |
|
|a Chci zas v tobě spát, Co je ti do toho - So tuke androda, Jsi jiná ... [et al.]
|
| 653 |
0 |
|
|a rocková hudba
|
| 910 |
|
|
|a BOA001
|b LP-0001.589
|
| 964 |
|
|
|a Hudba rocková
|z stol.20.,léta 90.
|x LP
|
| 990 |
|
|
|a AV
|
| 996 |
6 |
|
|b 261H001621
|c LP-0001.589
|l MZK
|r Sklad / do 24 hodin
|n 0
|w 000266478
|u 000010
|a 1
|e BOA001
|j MZK50
|s P
|